Strafrecht und neoliberales Regieren: Entwicklungstendenzen des Strafrechts als Einschreibung von Regierungstechniken im Sinne der Gouvernementalität

Gespeichert in:  
Bibliographische Detailangaben
1. VerfasserIn: Singelnstein, Tobias 1977- (Verfasst von)
Medienart: Druck Aufsatz
Sprache:Deutsch
Veröffentlicht: 2011
In: Kritische Justiz
Jahr: 2011, Band: 44, Heft: 1, Seiten: 7-15
Verfügbarkeit prüfen: HBZ Gateway

MARC

LEADER 00000caa a2200000 c 4500
001 1629352187
003 DE-627
005 20221123103203.0
007 tu
008 110307s2011 xx ||||| 00| ||ger c
035 |a (DE-627)1629352187 
035 |a (DE-576)338389326 
035 |a (DE-599)BSZ338389326 
040 |a DE-627  |b ger  |c DE-627  |e rakwb 
041 |a ger 
084 |a 2,1  |2 ssgn 
100 1 |a Singelnstein, Tobias  |d 1977-  |0 (DE-588)131430076  |0 (DE-627)509056210  |0 (DE-576)186184751  |4 aut 
109 |a Singelnstein, Tobias 1977- 
245 1 0 |a Strafrecht und neoliberales Regieren  |b Entwicklungstendenzen des Strafrechts als Einschreibung von Regierungstechniken im Sinne der Gouvernementalität  |c Tobias Singelnstein 
264 1 |c 2011 
336 |a Text  |b txt  |2 rdacontent 
337 |a ohne Hilfsmittel zu benutzen  |b n  |2 rdamedia 
338 |a Band  |b nc  |2 rdacarrier 
773 0 8 |i In  |t Kritische Justiz  |d Baden-Baden : Nomos, 1968  |g 44(2011), 1, Seite 7-15  |w (DE-627)129079804  |w (DE-600)3205-0  |w (DE-576)014412438  |x 0023-4834  |7 nnas 
773 1 8 |g volume:44  |g year:2011  |g number:1  |g pages:7-15 
951 |a AR 
ELC |b 1 
ORI |a SA-MARC-krimdok_oa001.raw